Iranian football players by picture - Statistics

General Stats
  • This quiz has been taken 20 times
    2 since last reset
  • The average score is 7 of 12
Answer Stats
Picture Answer % Correct
Ali Daei
100%
Hossein Hosseini
100%
Mehdi Taremi
100%
Ali Karimi
50%
Alireza Jahanbakhsh
50%
Hossein Kanaani
50%
Karim Beghari
50%
Mehdi Ghayedi
50%
Mohammed Mohebi
50%
Sardar Azmoun
50%
Ali Gholizadeh
0%
Mehdi Mahdavikia
0%
No matching quizzes found
Score Distribution
Percent of People with Each Score
Percentile by Number Answered
Your Score History
You have not taken this quiz since the last reset